Eye Witness/ (Record no. 191910)
[ view plain ]
| 000 -LEADER | |
|---|---|
| fixed length control field | 00665nam a22002177a 4500 |
| 008 - FIXED-LENGTH DATA ELEMENTS--GENERAL INFORMATION | |
| fixed length control field | 220907b ||||| |||| 00| 0 eng d |
| 010 ## - LCCN (DPL NO) | |
| LC control number | b-120245 |
| 020 ## - INTERNATIONAL STANDARD BOOK NUMBER | |
| Terms of availability | 150.00 |
| International Standard Book Number | 81-7341-336-3 |
| 035 ## - SYSTEM CONTROL NUMBER | |
| System control number | b-120245 |
| 037 ## - SOURCE OF ACQUISITION | |
| Source of stock number/acquisition | Indian Publishers Distributors Delhi |
| 082 ## - DEWEY DECIMAL CLASSIFICATION NUMBER | |
| Classification number | S |
| 100 ## - MAIN ENTRY--PERSONAL NAME | |
| Personal name | Burney, Aziz |
| 245 ## - TITLE STATEMENT | |
| Title | Eye Witness/ |
| Statement of responsibility, etc | by Aziz Burney and translated into english C.M Agrawal |
| 260 ## - PUBLICATION, DISTRIBUTION, ETC. (IMPRINT) | |
| Place of publication, distribution, etc | New Delhi |
| Name of publisher, distributor, etc | Indian Publishers Distributors |
| Date of publication, distribution, etc | 2004 |
| 270 ## - ADDRESS | |
| Address | 156-D, Kamla Nager, Delhi |
| City | New Delhi |
| Postal code | 110007 |
| 300 ## - PHYSICAL DESCRIPTION | |
| Extent | 97p. |
| Dimensions | 22 cm (hk.) |
| 700 ## - ADDED ENTRY--PERSONAL NAME | |
| Personal name | Agrawal, C.M |
| 942 ## - ADDED ENTRY ELEMENTS (KOHA) | |
| Institution code [OBSOLETE] | dpl |
| Item type | English Books |
| Source of classification or shelving scheme | Dewey Decimal Classification |
| Classification part | S |
| Call number suffix | BUR |
| Withdrawn status | Lost status | Source of classification or shelving scheme | Damaged status | Not for loan | Collection code | Home library | Current library | Date acquired | Cost, normal purchase price | Total Checkouts | Full call number | Barcode | Date last seen | Cost, replacement price | Koha item type |
|---|---|---|---|---|---|---|---|---|---|---|---|---|---|---|---|
| Dewey Decimal Classification | Fiction | Shahdara Branch | Shahdara Branch | 07/09/2022 | 150.00 | 3 | S BUR | b-120245 | 01/04/2025 | 150.00 | English Books |
